000 00682nam a2200217Ii 4500
003 JO-AjNU
008 230605s9999||||xx |||||||||||||| ||und||
017 _a1991/8/371
040 _aJO-AjNU
_bara
_erda
_cJO-AjNU
041 _aara
050 1 4 _aJS145.M3622 1993
100 3 _aالمعاني، ايمن عودة,
_eauthor
_937572
245 0 0 _aالإدارة المحلية بين النظرية والتطبيق
250 _a(د،ط)
264 3 1 _aعمان(د.ن)، 1993
300 _a118ص
336 _atext
_btxt
_2rdacontent
337 _aunmediated
_bn
_2rdamedia
338 _avolume
_bnc
_2rdacarrier
650 4 _aالادارة المحلية-نظريات
_937573
999 _aA15710
_c19278
_d19278